<?xml version="1.0" encoding="UTF-8"?><?xml-stylesheet type="text/xsl" href="static/style.xsl"?><OAI-PMH xmlns="http://www.openarchives.org/OAI/2.0/" xmlns:xsi="http://www.w3.org/2001/XMLSchema-instance" xsi:schemaLocation="http://www.openarchives.org/OAI/2.0/ http://www.openarchives.org/OAI/2.0/OAI-PMH.xsd"><responseDate>2026-04-27T14:36:41Z</responseDate><request verb="GetRecord" identifier="oai:uvadoc.uva.es:10324/60935" metadataPrefix="marc">https://uvadoc.uva.es/oai/request</request><GetRecord><record><header><identifier>oai:uvadoc.uva.es:10324/60935</identifier><datestamp>2025-03-26T19:45:19Z</datestamp><setSpec>com_10324_58352</setSpec><setSpec>com_10324_5186</setSpec><setSpec>com_10324_29291</setSpec><setSpec>col_10324_60934</setSpec></header><metadata><record xmlns="http://www.loc.gov/MARC21/slim" xmlns:doc="http://www.lyncode.com/xoai" xmlns:xsi="http://www.w3.org/2001/XMLSchema-instance" xmlns:dcterms="http://purl.org/dc/terms/" xsi:schemaLocation="http://www.loc.gov/MARC21/slim http://www.loc.gov/standards/marcxml/schema/MARC21slim.xsd">
<leader>00925njm 22002777a 4500</leader>
<datafield tag="042" ind1=" " ind2=" ">
<subfield code="a">dc</subfield>
</datafield>
<datafield tag="720" ind1=" " ind2=" ">
<subfield code="a">Martínez Moreno, Fernando</subfield>
<subfield code="e">author</subfield>
</datafield>
<datafield tag="720" ind1=" " ind2=" ">
<subfield code="a">Solís Martel, Ignacio</subfield>
<subfield code="e">author</subfield>
</datafield>
<datafield tag="260" ind1=" " ind2=" ">
<subfield code="c">2023</subfield>
</datafield>
<datafield tag="520" ind1=" " ind2=" ">
<subfield code="a">En este artículo se pretende conocer la historia de la fabricación y consumo de pastas alimenticias en España. Históricamente, la producción de pasta era muy pequeña (fideos principalmente) y se concentraba en el este del país. Sin embargo, a partir del último tercio del siglo XIX la producción de pasta (en pequeñas fábricas y semiartesanal) se incrementa en todo el país. La mayoría de las fábricas estaban en Cataluña, aunque también había muchas en Andalucía e Islas Baleares. Después de la Guerra Civil la fabricación y el consumo de pastas se volvió a incrementar nuevamente. Desde la segunda mitad del siglo XX comienza un proceso de concentración de la producción en grandes empresas que emplean métodos industriales, mientras que muchas empresas pequeñas y medianas van desapareciendo. En 2020, las cuatro empresas más importantes concentraron el 90% de la producción nacional de pastas, cuando en 1995 ese porcentaje había sido del 68%. En la actualidad, las grandes empresas siguen manteniendo el control, al mismo tiempo que ha aumentado el consumo de pasta fresca envasada.</subfield>
</datafield>
<datafield tag="024" ind2=" " ind1="8">
<subfield code="a">Revista Española de Estudios Agrosociales y Pesqueros; Núm. 260 (2023) pags. 298-314</subfield>
</datafield>
<datafield tag="024" ind2=" " ind1="8">
<subfield code="a">2605-0323</subfield>
</datafield>
<datafield tag="024" ind2=" " ind1="8">
<subfield code="a">https://uvadoc.uva.es/handle/10324/60935</subfield>
</datafield>
<datafield tag="024" ind2=" " ind1="8">
<subfield code="a">10.24197/reeap.260.2023.298-314</subfield>
</datafield>
<datafield tag="024" ind2=" " ind1="8">
<subfield code="a">298</subfield>
</datafield>
<datafield tag="024" ind2=" " ind1="8">
<subfield code="a">260</subfield>
</datafield>
<datafield tag="024" ind2=" " ind1="8">
<subfield code="a">314</subfield>
</datafield>
<datafield tag="245" ind1="0" ind2="0">
<subfield code="a">Historia de la fabricación y consumo de pastas alimenticias en España</subfield>
</datafield>
</record></metadata></record></GetRecord></OAI-PMH>